Downtown Abbey 2019 / (Record no. 22524)

000 -LEADER
fixed length control field 01305nam a2200241 4500
005 - DATE AND TIME OF LATEST TRANSACTION
control field 20260416161414.0
008 - FIXED-LENGTH DATA ELEMENTS--GENERAL INFORMATION
fixed length control field 260415b xxu||||| |||| 00| 0 eng d
082 ## - DEWEY DECIMAL CLASSIFICATION NUMBER
Classification number 791.4372
Item number D7517 2019.
245 ## - TITLE STATEMENT
Title Downtown Abbey 2019 /
Remainder of title directed by Michael Engler ; written by Julian Fellowes.
260 ## - PUBLICATION, DISTRIBUTION, ETC. (IMPRINT)
Place of publication, distribution, etc United States :
Name of publisher, distributor, etc Focus Features, Perfect World Pictures, and Carnival Film & Television,
Date of publication, distribution, etc 2019.
300 ## - PHYSICAL DESCRIPTION
Extent 1 videofile (ca. 122 mins) :
Other physical details sound, color.
520 ## - SUMMARY, ETC.
Summary, etc Downton Abbey is a 2019 historical drama film directed by Michael Engler from a screenplay by Julian Fellowes, based on the television series of the same name created by Fellowes. The film continues the storyline from the series, with much of the original cast returning. A sequel, Downton Abbey: A New Era, was released in the United Kingdom in April 2022 and a second sequel, Downton Abbey: The Grand Finale, was released in September 2025.
521 ## - TARGET AUDIENCE NOTE
Target audience note Rated PG for thematic elements, some suggestive material, and language.
546 ## - LANGUAGE NOTE
Language note In English subtitle.
650 ## - SUBJECT ADDED ENTRY--TOPICAL TERM
Topical term or geographic name as entry element Drama.
650 ## - SUBJECT ADDED ENTRY--TOPICAL TERM
Topical term or geographic name as entry element Romance.
700 ## - ADDED ENTRY--PERSONAL NAME
Personal name Engler, Michael, director.
700 ## - ADDED ENTRY--PERSONAL NAME
Personal name Fellowes, Julian, writer.
700 ## - ADDED ENTRY--PERSONAL NAME
Personal name Moore, Stephen Campbell, star.
700 ## - ADDED ENTRY--PERSONAL NAME
Personal name Fox, Michael, star.
700 ## - ADDED ENTRY--PERSONAL NAME
Personal name Nicol, Lesley, star.
942 ## - ADDED ENTRY ELEMENTS (KOHA)
Source of classification or shelving scheme
Item type Audio-Visual Materials
Holdings
Source of acquisition Price effective from Permanent location Date last seen Not for loan Date acquired Source of classification or shelving scheme Koha item type Damaged status Lost status Shelving location Withdrawn status Current location Coded location qualifier Full call number
Donation2026-04-16Cagayan State University - Carig Library2026-04-16 2026-04-16 Audio-Visual Materials  E-Resource Section Cagayan State University - Carig Library2026-04-16791.4372 D7517 2019.

Cagayan State University University Library, Carig Campus
Tuguegarao City, Cagayan 3500 | www.csucarig.edu.ph

Powered by Koha